000 00766nam a22002297a 4500
003 OSt
005 20260114160435.0
008 251212b |||||||| |||| 00| 0 eng d
020 _a0521016525
040 _aLNDL
_cLNDL
041 _aeng
100 _aGrenoble ,_Lenore A , and Whaley Lindsay J,
_9856478
245 _aSaving Languages :
_bAn introduction to language revitalization/
_cGrenoble Lenore A and Whaley Lindsay J
260 _aNew York :
_bCambridge University Press,
_c2006.
300 _a231p.
650 _aLanguage policy
_9856479
650 _aIssues in language revetalization
_9856480
650 _aLanguage attitudes
_9856481
700 _aGrenoble Lenore A and Whaley Lindsay J
_9856482
942 _2CC
_cGB
_n0
999 _c1466353
_d1466353